| 000 | 00538nam a2200205Ia 4500 | ||
|---|---|---|---|
| 005 | 20250923144623.0 | ||
| 008 | 008 250917s9999 xx 000 0 eng d | ||
| 037 | _aTextual | ||
| 040 |
_aDSWL _beng _cDSWL |
||
| 041 |
_aeng _2eng |
||
| 084 | _qDSWL | ||
| 100 |
_aPyarelal, _9826721 |
||
| 245 | 0 |
_aMahatma Gandhi the last phase _cby Pyarelal |
|
| 260 |
_aNew Delhi _bNavjeevan Publishing House _c1956 |
||
| 300 | _axxiv,750p. | ||
| 365 |
_aINR _b20 |
||
| 925 | _g20 | ||
| 942 | _cTEXL | ||
| 999 |
_c1441267 _d1441267 |
||